00691nam a22001817a 4500003000400000005001700004008004100021040000800062041001200070082001200082100003600094245015300130260004200283300004600325650006200371650004600433700003000479OSt20251223152038.0251223b |||||||| |||| 00| 0 eng d cDCL aEnglish a959.1021 aMarshall, Harry Ignatius, 1878-12aThe Karen people of Burma :ctranslated by Pe Maung Tin and G.H. Luce. bby Harry Ignatious Marshall; with a foreword by Anders Baltzer Jorgensen. aBangkok : bWhite Lotus Press,c1997. axix, 329 pages :billustrations ;c21 cm. a Karen (Southeast Asian People) xSocial life and customs aKaren (Southeast Asian People) xReligion aJorgensen, Anders Baltzer